| 000 | 00866cam a22002415a 4500 | ||
|---|---|---|---|
| 006 | m||||fq||z 00| 0 | ||
| 008 | 150901s2014 ii a fr 001 0 eng d | ||
| 020 | _a9788120350298 | ||
| 040 |
_aEG-ScBUE _beng _cEG-ScBUE _dEG-ScBUE |
||
| 082 | 0 | 4 |
_a005.133 _bKUS _222 |
| 100 | 1 |
_aKushwaha, Dharmender Singh. _938944 |
|
| 245 | 1 | 0 |
_aData Structures : _ba programming approach with c / _cDharmender Singh Kushwaha, Arun Kumar Misra. |
| 250 | _32nd ed., Eastern economy ed. | ||
| 260 |
_aDelhi : _bPHI Learning Private Limited, _c2014. |
||
| 300 |
_a716 p. : _bill. ; _c24 cm. + _e1 CD-ROM. |
||
| 500 | _aIndex : p. 707-716. | ||
| 650 | 7 |
_aData structures (Computer science) _2BUEsh _912448 |
|
| 650 | 7 |
_aC (Computer program language) _2BUEsh _93405 |
|
| 651 | _2BUEsh | ||
| 653 |
_bCOMSCI _cSeptember2015 _cDecember2015 |
||
| 700 | 1 | _aMisra, Arun Kumar. | |
| 942 | _2ddc | ||
| 999 |
_c20814 _d20786 |
||